Responses for Show #1599 - Thursday, July 11, 1991

1991 Seniors Tournament quarterfinal game 4.

Contestants

[<< previous game]

Mary Webster, a Social Security quality assessor from Los Angeles, California

Nancy Pearson, a fashion consultant from Encinitas, California

Babs McClellan, an art student from Clearwater, Florida

[next game >>]

Jeopardy! Round responses

1981
CLICHÉS
BODIES OF WATER
POTENT POTABLES
TRANSPORTATION
CLASSIC COMEDY TEAMS
    $100 16
[NOTE: That is how Nancy said her correct response and how Alex repeated it.]

Jelly Bellies

Nancy
    $100 6
luxury

Nancy
    $100 24
Mexico

Babs
    $100 1
Irish whiskey

Babs
    $100 11
a camel

Mary
    $100 13
the Marx Brothers

Nancy
    $200 17
Princess Diana

Babs
    $200 7
your "P"s & "Q"s

Nancy
    $200 27
(Alex: We have less than a minute.)

Hudson Bay

Babs
    $200 2
lime juice

Babs
    $200 12
the Model T

Nancy
    $500 14
(Nancy: Who are Jack Benny and Mary Livingston?)
(Alex: Ooh, sorry, you picked the wrong...)
(Nancy: Gracie Allen.)

Gracie Allen & George Burns

Nancy
    $300 18
(Alex: I knew what you meant.)

the Iranian hostages (the U.S. hostages in Iran)

Nancy
    $300 8
to hang by a thread

Nancy
    $300 30
(Nancy: What is the North Sea?)

the English Channel

BabsNancy
    $300 3
triple sec

Babs
    $300 21
Aeroflot

Nancy
    $300 15
Edgar Bergen & Charlie McCarthy

Babs
    $400 19
went on strike in 1981

Babs
    $400 9
pies

Babs
    $400 29
the Aegean

Mary
    $400 4
(Nancy: What is 7?)
[Portion edited]
(Alex: I'm sorry, I want you to be a little more specific on that last one. The number we were going for?)
(Nancy: 7, what is 7?)

7th

NancyMary
    $400 25
(Nancy: What are [*]?)
(Alex: Right.)
(Nancy: Hot air [*]?)
(Alex: I ruled in your favor first, they weren't necessarily hot air [*].)

balloons

Nancy
    $400 22
Durante

Nancy
    $500 20
Will & Ariel Durant

Babs
    $500 10
your mouth

Babs
    $500 28
(Babs: I guess I had it wrong... what is the Dead Sea?)

the Black Sea

Babs
Triple Stumper
    $500 5
brandy

Babs
    $500 26
a helicopter

Mary
    $500 23
Dale

Mary

Scores at the first commercial break (after clue 13):

Babs Nancy Mary
$2,000 $500 $500

Scores at the end of the Jeopardy! Round:

Babs Nancy Mary
$3,500 $1,200 $1,900

Double Jeopardy! Round responses

FICTIONAL CHARACTERS
MONTHS
ANATOMY
SOUTH DAKOTA
FAMOUS NAMES
COMPLETES THE PLAY TITLE
    $200 2
Jeeves

Nancy
    $200 19
July

Babs
    $200 16
the umbilical cord

Nancy
    $200 17
the Louisiana Purchase

Mary
    $200 11
Edison

Babs
    $200 1
with You

Babs
    $400 7
Holly Golightly

Babs
    $400 20
April & May

Babs
    $400 24
muscles

Mary
    $400 18
bison

Babs
    $400 12
(Sir Thomas) Lipton

Babs
    $400 3
Summer

Babs
    $600 8
Pudd'nhead

Nancy
    $1,500 21
March

Babs
    $600 25
ventricles

Mary
    $600 27
the Black Hills

Babs
    $600 13
Franco

Nancy
    $600 4
Wimpole Street

Babs
    $800 9
The Invisible Man

Babs
    $800 22
August

Triple Stumper
    $800 26
a vertebrae

Babs
    $800 28
Mount Rushmore

Babs
    $800 14
Wedgwood

Mary
    $800 5
Invalid

Mary
    $1000 10
The Natural

Nancy
    $1000 23
June

Mary
    $1000 30
the gallbladder

Mary
    $1,200 29
(Babs: What is 2?)

3

Babs
    $1000 15
(Fried) Nietzsche

Mary
    $1000 6
Holiday

Babs

Scores at the end of the Double Jeopardy! Round:

Babs Nancy Mary
$11,000 $3,800 $7,700

Final Jeopardy! Round responses

FAMOUS DANCERS
NancyWho are Vernon & Irene Castle?
$3,800
MaryWho were Vernon & Irene Castle?
$7,700
BabsWho were the Castles?
$1,000
Vernon & Irene Castle

Final scores:

Babs Nancy Mary
$12,000 $7,600 $15,400
2nd place: $1,000 if eliminated 3rd place: $1,000 if eliminated Automatic semifinalist

Game dynamics:

Coryat scores:

Babs Nancy Mary
$11,300 $4,300 $7,700
28 R
(including 1 DD),
2 W
(including 1 DD)
15 R,
3 W
(including 1 DD)
13 R,
0 W

Combined Coryat: $23,300

[game clues] [game scores] [suggest correction]

Game tape date: 1991-03-25
The J! Archive is created by fans, for fans. Scraping, republication, monetization, and malicious use prohibited; this site may use cookies and collect identifying information. See terms. The Jeopardy! game show and all elements thereof, including but not limited to copyright and trademark thereto, are the property of Jeopardy Productions, Inc. and are protected under law. This website is not affiliated with, sponsored by, or operated by Jeopardy Productions, Inc. Join the discussion at JBoard.tv.